[Event "Bayern-chTT (LL Nord)"]
[Site "Bayern 2008/09"]
[Date "2009.03.15"]
[Round "8.5"]
[White "Stoeckl, Stephan"]
[Black "Muehlbauer, Gerhard"]
[Result "1-0"]
[WhiteElo "1976"]
[BlackElo "1973"]
[PlyCount "79"]
[EventDate "2009.03.??"]
[EventType "team-tourn"]
[EventRounds "9"]
[WhiteTeam "Schwandorf 1"]
[BlackTeam "Kötzting 1"]

1. Nf3 Nf6 2. c4 g6 3. b3 Bg7 4. Bb2 O-O 5. g3 d5 6. Bg2 c5 7. cxd5 Nxd5 8.
Bxg7 Kxg7 9. Qc2 b6 10. O-O Bb7 11. Nc3 Nd7 12. Rac1 e5 13. Qb2 f6 14. Rfd1 Re8
15. d3 Nf8 16. e3 Rc8 17. Ne4 Qe7 18. Nfd2 Red8 19. Nc4 Ne6 20. Bh3 Rc7 21.
Nxe5 Nb4 22. a3 Nxd3 23. Nxd3 Bxe4 24. Nf4 Ng5 25. Bg2 Rcd7 26. Qe2 Bxg2 27.
Rxd7 Rxd7 28. Kxg2 Qd6 29. h4 Ne4 30. f3 Nd2 31. Rd1 g5 32. hxg5 fxg5 33. Nh5+
Kg6 34. g4 Qd5 35. e4 Qd4 36. e5 Qc3 37. e6 Nxf3 38. exd7 Nh4+ 39. Kf2 Qf6+ 40.
Nxf6 1-0

[Event "Bayern-chTT (LL Nord)"]
[Site "Bayern 2008/09"]
[Date "2009.03.15"]
[Round "8.6"]
[White "Priborsky, Marek"]
[Black "Lautner, Juergen"]
[Result "1/2-1/2"]
[WhiteElo "2170"]
[BlackElo "1942"]
[PlyCount "28"]
[EventDate "2009.03.??"]
[EventType "team-tourn"]
[EventRounds "9"]
[WhiteTeam "Kötzting 1"]
[BlackTeam "Schwandorf 1"]

1. e4 c5 2. c3 Nf6 3. e5 Nd5 4. d4 cxd4 5. Nf3 e6 6. cxd4 d6 7. Bc4 Nc6 8. O-O
Be7 9. a3 O-O 10. Qe2 Na5 11. Bd3 Nb3 12. Ra2 Nxc1 13. Rxc1 Nf4 14. Qe4 Nxd3
1/2-1/2

[Event "Bayern-chTT (LL Nord)"]
[Site "Bayern 2008/09"]
[Date "2009.03.15"]
[Round "8.7"]
[White "Paar, Johannes"]
[Black "Novacek, Karel"]
[Result "0-1"]
[WhiteElo "1866"]
[BlackElo "1938"]
[PlyCount "78"]
[EventDate "2009.03.??"]
[EventType "team-tourn"]
[EventRounds "9"]
[WhiteTeam "Schwandorf 1"]
[BlackTeam "Kötzting 1"]

1. e4 c5 2. Nf3 Nc6 3. d4 cxd4 4. Nxd4 e5 5. Nb5 d6 6. N1c3 a6 7. Na3 Be6 8.
Nc4 b5 9. Ne3 Nf6 10. Bd3 Be7 11. O-O O-O 12. f4 exf4 13. Rxf4 Ne5 14. Nf5 Bxf5
15. Rxf5 Qb6+ 16. Kh1 b4 17. Nd5 Nxd5 18. exd5 Qd4 19. Rf4 Nxd3 20. cxd3 Qxd5
21. Rxb4 Rab8 22. Rxb8 Rxb8 23. b3 Bf6 24. Rb1 Re8 25. Bf4 h6 26. Qf1 Be5 27.
Bxe5 dxe5 28. h3 Rd8 29. d4 exd4 30. Qxa6 d3 31. Rd1 d2 32. Qe2 Qc5 33. Kh2 Qc3
34. a3 f5 35. b4 f4 36. Qf3 Qe3 37. b5 Re8 38. a4 Qxf3 39. gxf3 Re2+ 0-1

[Event "Bayern-chTT (LL Nord)"]
[Site "Bayern 2008/09"]
[Date "2009.03.15"]
[Round "8.8"]
[White "Graf, Eduard"]
[Black "Dotzauer, Ernst"]
[Result "1/2-1/2"]
[WhiteElo "1863"]
[BlackElo "1770"]
[PlyCount "85"]
[EventDate "2009.03.??"]
[EventType "team-tourn"]
[EventRounds "9"]
[WhiteTeam "Kötzting 1"]
[BlackTeam "Schwandorf 1"]

1. c4 e5 2. Nc3 Nf6 3. g3 c5 4. Bg2 Nc6 5. d3 d6 6. f4 Bd7 7. Nf3 Be7 8. O-O
Qc8 9. e4 Bg4 10. f5 h6 11. h3 Bxf3 12. Bxf3 Nd4 13. Rb1 b6 14. Qa4+ Qd7 15.
Qxd7+ Kxd7 16. Bd1 Kd8 17. Be3 Nd7 18. h4 Rb8 19. b4 cxb4 20. Bxd4 exd4 21. Nb5
Nc5 22. Nxa7 Ra8 23. Nc6+ Kd7 24. Nxb4 Rhb8 25. Rf2 Ra3 26. Bb3 Bf6 27. Rfb2
Be5 28. Kg2 Raa8 29. Bc2 Ra3 30. Rd1 Nxe4 31. dxe4 d3 32. Rb3 dxc2 33. Rc1 Rxb3
34. axb3 b5 35. Rxc2 bxc4 36. Rxc4 Rc8 37. Nd5 Rxc4 38. Nb6+ Kc7 39. Nxc4 Bc3
40. Kf3 Kc6 41. h5 Be1 42. g4 Bh4 43. Ke3 1/2-1/2

[Event "Bayern-chTT (LL Nord)"]
[Site "Bayern 2008/09"]
[Date "2009.03.15"]
[Round "8.1"]
[White "Golda, Harald"]
[Black "Koch, Moritz"]
[Result "0-1"]
[WhiteElo "2298"]
[BlackElo "2249"]
[PlyCount "74"]
[EventDate "2009.03.??"]
[EventType "team-tourn"]
[EventRounds "9"]
[WhiteTeam "Schweinfurt 1"]
[BlackTeam "Puschendorf 1"]

1. d4 Nf6 2. c4 g6 3. Nf3 Bg7 4. g3 O-O 5. Bg2 d5 6. cxd5 Nxd5 7. O-O Nb6 8.
Nc3 Nc6 9. e3 e5 10. d5 Na5 11. e4 c6 12. Bg5 f6 13. Be3 cxd5 14. Bxb6 Qxb6 15.
Nxd5 Qd8 16. Rc1 f5 17. Nc7 Rb8 18. Qa4 Nc6 19. Qb3+ Rf7 20. Rxc6 bxc6 21. Qxb8
Qxc7 22. Qb3 Qb6 23. Qc2 Bf6 24. Bh3 Re7 25. exf5 e4 26. Nd2 gxf5 27. Nc4 Qc5
28. Rc1 Bd7 29. b3 Bd4 30. Ne3 Qe5 31. Rd1 c5 32. b4 f4 33. Nc4 Qd5 34. Bxd7
Rxd7 35. Re1 e3 36. fxe3 fxe3 37. Nxe3 Re7 0-1

[Event "Bayern-chTT (LL Nord)"]
[Site "Bayern 2008/09"]
[Date "2009.03.15"]
[Round "8.2"]
[White "Lauer, Moritz"]
[Black "Haag, Wolfgang"]
[Result "1/2-1/2"]
[WhiteElo "2242"]
[BlackElo "2160"]
[PlyCount "122"]
[EventDate "2009.03.??"]
[EventType "team-tourn"]
[EventRounds "9"]
[WhiteTeam "Puschendorf 1"]
[BlackTeam "Schweinfurt 1"]

1. e4 c5 2. Nf3 d6 3. d4 cxd4 4. Nxd4 Nf6 5. Nc3 Bd7 6. Bg5 e6 7. Ndb5 Bc6 8.
Bxf6 gxf6 9. Qh5 a6 10. Nd4 Bd7 11. Bc4 Qc8 12. Qe2 Nc6 13. O-O-O b5 14. Nxc6
Bxc6 15. Bd5 Be7 16. Rhe1 Qd7 17. Bxc6 Qxc6 18. Rd3 Rc8 19. Kb1 Qc4 20. Qd2 Rg8
21. f4 Rc6 22. Rg3 Rxg3 23. hxg3 Bd8 24. Ne2 Qxe4 25. Nd4 Qd5 26. Qd3 Rc5 27.
c3 f5 28. Qf3 Bf6 29. Nb3 Qxf3 30. gxf3 Rd5 31. Kc2 Kf8 32. Nc1 Rc5 33. Nd3 Rc8
34. g4 fxg4 35. fxg4 d5 36. f5 d4 37. fxe6 dxc3 38. b4 Rc6 39. Nc5 fxe6 40.
Nxe6+ Kf7 41. Nc5 Kg6 42. Rf1 Bg7 43. Rd1 h6 44. Rd7 a5 45. a3 axb4 46. axb4
Rf6 47. Nd3 Rf1 48. Rd5 Rg1 49. Nf4+ Kh7 50. Rxb5 Rxg4 51. Ne2 Kg6 52. Nxc3 h5
53. Nd5 h4 54. Ne7+ Kf6 55. Nd5+ Ke6 56. Ne3 Re4 57. Kd3 Rd4+ 58. Ke2 Bf6 59.
Kf3 Be7 60. Nf5 Rxb4 61. Rxb4 Bxb4 1/2-1/2

[Event "Bayern-chTT (LL Nord)"]
[Site "Bayern 2008/09"]
[Date "2009.03.15"]
[Round "8.3"]
[White "Huemmer, Bernd"]
[Black "Lowitz, Torsten"]
[Result "1-0"]
[WhiteElo "2145"]
[BlackElo "2067"]
[PlyCount "75"]
[EventDate "2009.03.??"]
[EventType "team-tourn"]
[EventRounds "9"]
[WhiteTeam "Schweinfurt 1"]
[BlackTeam "Puschendorf 1"]

1. c4 c5 2. Nc3 Nc6 3. Nf3 d6 4. d4 cxd4 5. Nxd4 Nf6 6. g3 g6 7. Bg2 Bd7 8. O-O
Bg7 9. b3 O-O 10. Bb2 Nxd4 11. Qxd4 Bc6 12. Nd5 Nh5 13. Qd2 Bxb2 14. Qxb2 Bxd5
15. cxd5 Qd7 16. Rac1 Rac8 17. Qd4 a6 18. Qh4 Rxc1 19. Rxc1 Nf6 20. Qc4 Rb8 21.
h3 Kf8 22. e4 b5 23. Qd4 Rc8 24. Rxc8+ Qxc8 25. Qa7 Qc1+ 26. Kh2 Qa3 27. e5
dxe5 28. Qb8+ Kg7 29. Qxe5 Qxa2 30. Qxe7 Qxb3 31. Qe5 Qc2 32. g4 h6 33. f4 g5
34. fxg5 hxg5 35. Qxg5+ Qg6 36. Qe5 Kh7 37. g5 Nd7 38. Qe7 1-0

[Event "Bayern-chTT (LL Nord)"]
[Site "Bayern 2008/09"]
[Date "2009.03.15"]
[Round "8.4"]
[White "Diekers, Michael"]
[Black "Dey, Jan-Marten"]
[Result "1/2-1/2"]
[WhiteElo "2105"]
[BlackElo "2213"]
[PlyCount "102"]
[EventDate "2009.03.??"]
[EventType "team-tourn"]
[EventRounds "9"]
[WhiteTeam "Puschendorf 1"]
[BlackTeam "Schweinfurt 1"]

1. Nf3 b5 2. e4 Bb7 3. Bxb5 Bxe4 4. Nc3 Bg6 5. Ne5 c6 6. Nxg6 hxg6 7. Be2 Nf6
8. d4 e6 9. Bf3 d5 10. Bg5 Qc7 11. g3 Nbd7 12. Bf4 Bd6 13. Bxd6 Qxd6 14. O-O
O-O 15. Re1 Rab8 16. Na4 c5 17. Nxc5 Nxc5 18. dxc5 Qxc5 19. Rb1 Rfc8 20. c3 Qc4
21. a3 Rb6 22. Re2 Rcb8 23. Kg2 Rb3 24. Rc2 Qb5 25. Be2 Qb7 26. Bf3 g5 27. h3
Rxa3 28. c4 Rb3 29. cxd5 exd5 30. Qd4 Ne4 31. Re1 Rxb2 32. Bxe4 dxe4 33. Rxb2
Qxb2 34. Qxb2 Rxb2 35. Rxe4 Ra2 36. Re8+ Kh7 37. Re7 Kg6 38. Rc7 Kf6 39. Rc6+
Ke7 40. Rc7+ Ke6 41. Rb7 g6 42. Rc7 a5 43. Ra7 Ra3 44. Ra6+ Ke5 45. Ra7 f6 46.
Ra6 Kf5 47. Rb6 Ke5 48. Ra6 Ra2 49. Ra8 Ra1 50. Ra6 Kf5 51. Rb6 Ke5 1/2-1/2

[Event "Bayern-chTT (LL Nord)"]
[Site "Bayern 2008/09"]
[Date "2009.03.15"]
[Round "8.5"]
[White "Oechslein, Rainer"]
[Black "Kotz, Reinhard"]
[Result "1-0"]
[WhiteElo "2128"]
[BlackElo "2075"]
[PlyCount "111"]
[EventDate "2009.03.??"]
[EventType "team-tourn"]
[EventRounds "9"]
[WhiteTeam "Schweinfurt 1"]
[BlackTeam "Puschendorf 1"]

1. d4 Nf6 2. Nf3 g6 3. c4 c5 4. Nc3 Bg7 5. e4 O-O 6. Be2 d6 7. O-O Nc6 8. d5
Na5 9. Qc2 a6 10. a3 b5 11. cxb5 axb5 12. Bxb5 Bd7 13. Nd2 Bxb5 14. Nxb5 Qb6
15. a4 Rfc8 16. Nc4 Nxc4 17. Qxc4 Ne8 18. Rb1 Nc7 19. Na3 Rcb8 20. b3 Qb4 21.
Qc2 Qc3 22. Qxc3 Bxc3 23. Be3 Rb4 24. Rfc1 Bf6 25. Nc4 Rab8 26. Nd2 Na6 27. Kf1
Kf8 28. Ke2 Ke8 29. f3 Kd7 30. g4 Nc7 31. Kd3 e6 32. dxe6+ Nxe6 33. Rc4 R4b7
34. a5 Ra8 35. Ra4 Ra6 36. Nc4 Kc6 37. f4 Nc7 38. Ra2 Nb5 39. Rc2 Kd7 40. h4 h5
41. g5 Bd4 42. Bxd4 Nxd4 43. Rcb2 Rb4 44. Nb6+ Kd8 45. Nd5 Rb5 46. b4 Ne6 47.
Kc4 Rb8 48. f5 Nf8 49. bxc5 Rc8 50. Rb8 dxc5 51. Rxc8+ Kxc8 52. Kb5 Ra7 53. a6
Nd7 54. Nb6+ Kc7 55. Nxd7 Kxd7 56. Kb6 1-0

[Event "Bayern-chTT (LL Nord)"]
[Site "Bayern 2008/09"]
[Date "2009.03.15"]
[Round "8.6"]
[White "Seregelyes, Csaba"]
[Black "Seidens, Udo"]
[Result "1/2-1/2"]
[WhiteElo "2056"]
[BlackElo "2127"]
[PlyCount "53"]
[EventDate "2009.03.??"]
[EventType "team-tourn"]
[EventRounds "9"]
[WhiteTeam "Puschendorf 1"]
[BlackTeam "Schweinfurt 1"]

1. e4 Nf6 2. e5 Nd5 3. d4 d6 4. Nf3 Nc6 5. c4 Nb6 6. exd6 cxd6 7. h3 g6 8. b3
Bg7 9. Bb2 O-O 10. Be2 Bf5 11. O-O a5 12. a3 a4 13. b4 d5 14. Nbd2 dxc4 15.
Nxc4 Nxc4 16. Bxc4 Be4 17. Ne5 Bd5 18. Bxd5 Qxd5 19. Nxc6 bxc6 20. Rc1 Rfd8 21.
Qe2 e6 22. Rc5 Qa2 23. Ra1 Qb3 24. Rc3 Qd5 25. Rc5 Qb3 26. Rc3 Qd5 27. Rc5
1/2-1/2

[Event "Bayern-chTT (LL Nord)"]
[Site "Bayern 2008/09"]
[Date "2009.03.15"]
[Round "8.7"]
[White "Rink, Christian"]
[Black "Sarec, Ivica"]
[Result "1/2-1/2"]
[WhiteElo "2063"]
[BlackElo "2016"]
[PlyCount "37"]
[EventDate "2009.03.??"]
[EventType "team-tourn"]
[EventRounds "9"]
[WhiteTeam "Schweinfurt 1"]
[BlackTeam "Puschendorf 1"]

1. d4 Nf6 2. c4 c5 3. d5 b5 4. Bg5 Ne4 5. Bf4 bxc4 6. Qc2 Nf6 7. e4 e6 8. Bxc4
exd5 9. exd5 d6 10. Nc3 Be7 11. Nge2 O-O 12. Ng3 Nbd7 13. O-O Nb6 14. b3 Re8
15. Rfe1 Nxc4 16. bxc4 Qd7 17. Rab1 h6 18. h3 Bf8 19. Nce4 1/2-1/2

[Event "Bayern-chTT (LL Nord)"]
[Site "Bayern 2008/09"]
[Date "2009.03.15"]
[Round "8.8"]
[White "Steinmueller, Alexander"]
[Black "Ehrler, Eberhard"]
[Result "1/2-1/2"]
[WhiteElo "2002"]
[BlackElo "2077"]
[PlyCount "95"]
[EventDate "2009.03.??"]
[EventType "team-tourn"]
[EventRounds "9"]
[WhiteTeam "Puschendorf 1"]
[BlackTeam "Schweinfurt 1"]

1. e4 c5 2. d3 Nc6 3. g3 g6 4. Bg2 Bg7 5. f4 d6 6. Nf3 e6 7. O-O Nge7 8. c3 O-O
9. Be3 Bd7 10. d4 cxd4 11. cxd4 Rc8 12. Nc3 Na5 13. Bf2 Qb6 14. Rb1 Qa6 15. Re1
b5 16. g4 Nc4 17. b4 Rc7 18. Bh4 Nc8 19. Qd3 N8b6 20. f5 Rfc8 21. Rb3 Na4 22.
Nd1 Ncb6 23. Be7 exf5 24. exf5 Nd5 25. Bg5 Nf6 26. Bh3 Nb6 27. Ra3 Qb7 28. Bf4
Nc4 29. Rb3 Nd5 30. Bg3 Re8 31. Rxe8+ Bxe8 32. Ng5 Nf6 33. Nf3 Bc6 34. g5 Bxf3
35. Qxf3 Qxf3 36. Rxf3 Nh5 37. f6 Nxg3 38. Rxg3 Bf8 39. Nc3 Nb6 40. Nxb5 Rc1+
41. Bf1 d5 42. a3 Nc4 43. Kf2 a6 44. Nc3 Bd6 45. Rd3 Nb2 46. Rd2 Rxc3 47. Rxb2
Rxa3 48. Bg2 1/2-1/2

[Event "Bayern-chTT (LL Nord)"]
[Site "Bayern 2008/09"]
[Date "2009.03.15"]
[Round "8.1"]
[White "Vagner, Tomas"]
[Black "Haba, Zdenek"]
[Result "0-1"]
[WhiteElo "2216"]
[BlackElo "2205"]
[PlyCount "118"]
[EventDate "2009.03.??"]
[EventType "team-tourn"]
[EventRounds "9"]
[WhiteTeam "Erlangen-SC 1"]
[BlackTeam "Kulmbach 1"]

1. e4 c5 2. Nf3 g6 3. c3 d5 4. exd5 Qxd5 5. d4 Bg7 6. dxc5 Qxd1+ 7. Kxd1 Nf6 8.
h3 O-O 9. Be3 Rd8+ 10. Nbd2 Nc6 11. Bc4 Nd5 12. Re1 Nxe3+ 13. Rxe3 a5 14. a4
Bh6 15. Rd3 Bf5 16. Rd5 Rxd5 17. Bxd5 Rd8 18. Bxc6 bxc6 19. g4 Be4 20. Ke1 Bd5
21. b4 Bg7 22. Rc1 Rb8 23. bxa5 Ra8 24. c4 Bxf3 25. Nxf3 Rxa5 26. Rb1 Bc3+ 27.
Ke2 Rxa4 28. Kd3 Bb4 29. Kd4 f6 30. g5 Kf7 31. gxf6 exf6 32. Nh4 Ke6 33. f4 Kd7
34. f5 g5 35. Ng2 Kc7 36. Ne3 Bd2 37. Rb3 h5 38. Rd3 Bc1 39. Nd1 Bf4 40. Kc3
Ra3+ 41. Kc2 Ra5 42. Nc3 Rxc5 43. Kb3 Rxf5 44. Ne4 Be5 45. Nc5 Rf1 46. Rd7+ Kc8
47. Rh7 Rf3+ 48. Kb4 Bc3+ 49. Ka4 Rxh3 50. Nb7 h4 51. Nd6+ Kd8 52. Nb7+ Ke8 53.
Nd6+ Kf8 54. Rf7+ Kg8 55. Rc7 Be5 56. Rc8+ Kh7 57. Nf7 Kg6 58. Nxe5+ fxe5 59.
Rxc6+ Kf5 0-1

[Event "Bayern-chTT (LL Nord)"]
[Site "Bayern 2008/09"]
[Date "2009.03.15"]
[Round "8.2"]
[White "Forman, Stepan"]
[Black "Horak, Michal"]
[Result "1-0"]
[WhiteElo "2277"]
[BlackElo "2286"]
[PlyCount "81"]
[EventDate "2009.03.??"]
[EventType "team-tourn"]
[EventRounds "9"]
[WhiteTeam "Kulmbach 1"]
[BlackTeam "Erlangen-SC 1"]

1. d4 Nf6 2. Nc3 g6 3. e4 d6 4. Be3 Bg7 5. Qd2 O-O 6. Bh6 c5 7. Bxg7 Kxg7 8. d5
b5 9. Bxb5 Qb6 10. a4 a6 11. a5 Qb7 12. Bc4 Qxb2 13. Ra2 Qb4 14. Ra4 Qb7 15.
Nge2 Bd7 16. Ra1 Qb4 17. Qd3 Ng4 18. f4 Bb5 19. Bxb5 axb5 20. h3 Nf6 21. O-O
Rxa5 22. Rxa5 Qxa5 23. Nxb5 Nxe4 24. Qxe4 Qxb5 25. f5 Qd7 26. h4 Na6 27. h5 Nc7
28. fxg6 hxg6 29. hxg6 fxg6 30. Rxf8 Kxf8 31. Nf4 e5 32. dxe6 Qg7 33. Nxg6+ Kg8
34. e7 Kf7 35. Nh4 Qa1+ 36. Kf2 Qf6+ 37. Nf5 d5 38. e8=Q+ Nxe8 39. Qxd5+ Kg6
40. g4 Qh8 41. Ne7+ 1-0

[Event "Bayern-chTT (LL Nord)"]
[Site "Bayern 2008/09"]
[Date "2009.03.15"]
[Round "8.3"]
[White "Promyshlyanskiy, Vitaliy"]
[Black "Vedral, Oldrich"]
[Result "1/2-1/2"]
[WhiteElo "2201"]
[BlackElo "2239"]
[PlyCount "76"]
[EventDate "2009.03.??"]
[EventType "team-tourn"]
[EventRounds "9"]
[WhiteTeam "Erlangen-SC 1"]
[BlackTeam "Kulmbach 1"]

1. e4 c5 2. Nc3 Nc6 3. f4 e6 4. Nf3 d5 5. Bb5 Nf6 6. Ne5 Bd7 7. Bxc6 Bxc6 8.
Nxc6 bxc6 9. e5 Nd7 10. d3 Qh4+ 11. g3 Qh3 12. Qe2 Be7 13. Bd2 O-O 14. Qf1
Qxf1+ 15. Rxf1 f6 16. exf6 Rxf6 17. O-O-O Bd6 18. Rf2 e5 19. Rdf1 exf4 20. Bxf4
Raf8 21. Nd1 Bxf4+ 22. Rxf4 Rxf4 23. Rxf4 Rxf4 24. gxf4 Kf7 25. Kd2 Ke6 26. Ke3
Nf6 27. Kf3 d4 28. Nf2 Nd5 29. a3 Kf5 30. Ne4 Nxf4 31. Nxc5 g5 32. Nb3 Ne6 33.
Na5 Nd8 34. Nb3 Ne6 35. Na5 Nd8 36. Nb3 Ne6 37. Na5 Nd8 38. Nb3 Ne6 1/2-1/2

[Event "Bayern-chTT (LL Nord)"]
[Site "Bayern 2008/09"]
[Date "2009.03.15"]
[Round "8.4"]
[White "Smid, Miroslav"]
[Black "Liepold, Stefan"]
[Result "1/2-1/2"]
[WhiteElo "2196"]
[BlackElo "2235"]
[PlyCount "59"]
[EventDate "2009.03.??"]
[EventType "team-tourn"]
[EventRounds "9"]
[WhiteTeam "Kulmbach 1"]
[BlackTeam "Erlangen-SC 1"]

1. d4 Nf6 2. Nf3 d5 3. Bg5 Ne4 4. Bh4 c5 5. c3 Qb6 6. Qc1 cxd4 7. cxd4 Nc6 8.
e3 Bf5 9. Nc3 e6 10. Be2 Bb4 11. O-O O-O 12. Nd2 Rac8 13. Ndxe4 Bxe4 14. Qd2
Na5 15. Rfc1 Rc6 16. Qd1 Bxc3 17. bxc3 Rfc8 18. Qd2 f6 19. f3 Bg6 20. Be1 a6
21. h3 Qc7 22. Qb2 Rb6 23. Qd2 Qd6 24. e4 Nc4 25. Bxc4 Rxc4 26. Qe2 Rbc6 27.
exd5 exd5 28. Bd2 Rc8 29. Re1 Re8 30. Qf2 1/2-1/2

[Event "Bayern-chTT (LL Nord)"]
[Site "Bayern 2008/09"]
[Date "2009.03.15"]
[Round "8.5"]
[White "Walter, Thomas(78)"]
[Black "Oehrlein, Thomas"]
[Result "1-0"]
[WhiteElo "2069"]
[BlackElo "2188"]
[PlyCount "51"]
[EventDate "2009.03.??"]
[EventType "team-tourn"]
[EventRounds "9"]
[WhiteTeam "Erlangen-SC 1"]
[BlackTeam "Kulmbach 1"]

1. e4 c5 2. b3 e6 3. Bb2 Nc6 4. g3 Nf6 5. Bg2 Be7 6. Ne2 d6 7. O-O h5 8. h3 Bd7
9. a4 e5 10. f4 c4 11. Nbc3 Qb6+ 12. Kh1 cxb3 13. cxb3 Be6 14. Nd5 Bxd5 15.
exd5 Nb4 16. fxe5 dxe5 17. Bxe5 Nbxd5 18. Nd4 Bd6 19. Bxd6 Qxd4 20. Qe2+ Kd7
21. Be5 Qb6 22. Bxd5 Nxd5 23. Rxf7+ Ke6 24. Raf1 Qc6 25. Bxg7+ Kd6 26. Qe5+ 1-0

[Event "Bayern-chTT (LL Nord)"]
[Site "Bayern 2008/09"]
[Date "2009.03.15"]
[Round "8.6"]
[White "Rehak, Martin"]
[Black "Martin Fernandez, Rodrigo"]
[Result "1-0"]
[WhiteElo "2128"]
[BlackElo "2085"]
[PlyCount "87"]
[EventDate "2009.03.??"]
[EventType "team-tourn"]
[EventRounds "9"]
[WhiteTeam "Kulmbach 1"]
[BlackTeam "Erlangen-SC 1"]

1. d4 Nf6 2. Nf3 e6 3. g3 c5 4. Bg2 cxd4 5. Nxd4 d5 6. c4 Be7 7. cxd5 Nxd5 8.
O-O O-O 9. Qb3 Bf6 10. Rd1 Qb6 11. Bxd5 exd5 12. Qxb6 axb6 13. Nc3 Nc6 14. Be3
Be6 15. Ndb5 Ra6 16. a3 Be5 17. Rac1 Rd8 18. Bd4 Nxd4 19. Nxd4 Raa8 20. f4 Bf6
21. e3 g6 22. Kf2 Kg7 23. Na2 Rac8 24. Nb4 Bg4 25. Re1 Rc4 26. b3 Rxd4 27. exd4
Bxd4+ 28. Kg2 Bb2 29. Rc7 Kf6 30. Rxb7 d4 31. Rxb6+ Be6 32. Nd3 Bxa3 33. Kf3 h5
34. b4 Kg7 35. Ra6 Bd5+ 36. Kf2 Bxb4 37. Nxb4 Bc4 38. Raa1 Rb8 39. Rab1 d3 40.
Ke3 Rd8 41. Kd2 h4 42. Re3 hxg3 43. hxg3 Rh8 44. Nxd3 1-0

[Event "Bayern-chTT (LL Nord)"]
[Site "Bayern 2008/09"]
[Date "2009.03.15"]
[Round "8.7"]
[White "Klek, Hanna-Marie"]
[Black "Janda, Pavel"]
[Result "0-1"]
[WhiteElo "1827"]
[BlackElo "2036"]
[PlyCount "112"]
[EventDate "2009.03.??"]
[EventType "team-tourn"]
[EventRounds "9"]
[WhiteTeam "Erlangen-SC 1"]
[BlackTeam "Kulmbach 1"]

1. e4 d5 2. exd5 Nf6 3. d4 Nxd5 4. c4 Nb6 5. Nc3 e5 6. Be3 exd4 7. Bxd4 Nc6 8.
Be3 Be6 9. b3 Qf6 10. Rc1 Bb4 11. Qc2 O-O-O 12. Nf3 Bf5 13. Qb2 Qe7 14. Qa1 Ba3
15. Rd1 Nb4 16. Rc1 Bxc1 17. Qxc1 Nc2+ 18. Ke2 Bd3+ 19. Kd2 Bxf1+ 20. Kxc2 Bxg2
21. Re1 Bxf3 22. Bxb6 Qd6 23. Be3 a6 24. Bf4 Qd3+ 25. Kb2 Rhe8 26. Rg1 g6 27.
Rg3 f6 28. Bxc7 Re2+ 29. Ka3 Rc2 30. Qf4 Qxc3 31. Rxf3 Qd2 32. Qxd2 Rdxd2 33.
Bg3 Rxa2+ 34. Kb4 f5 35. h4 Re2 36. Rd3 Rad2 37. Rc3 Re4 38. Rf3 b6 39. h5 Kb7
40. hxg6 hxg6 41. Kc3 Rd8 42. Bf4 Kc6 43. Be3 Rd6 44. Bf4 Rde6 45. Be3 b5 46.
cxb5+ axb5 47. Rh3 b4+ 48. Kc2 f4 49. Bd2 Rd6 50. Rd3 Rxd3 51. Kxd3 Kd5 52. Bc1
g5 53. f3 Re1 54. Bd2 Rd1 55. Ke2 Rxd2+ 56. Kxd2 Kd4 0-1

[Event "Bayern-chTT (LL Nord)"]
[Site "Bayern 2008/09"]
[Date "2009.03.15"]
[Round "8.8"]
[White "Fredrich, Viktor"]
[Black "Goetz, Andreas(66)"]
[Result "0-1"]
[WhiteElo "1979"]
[BlackElo "2066"]
[PlyCount "98"]
[EventDate "2009.03.??"]
[EventType "team-tourn"]
[EventRounds "9"]
[WhiteTeam "Kulmbach 1"]
[BlackTeam "Erlangen-SC 1"]

1. d4 Nf6 2. c4 e6 3. Nc3 d5 4. Nf3 Be7 5. Bg5 O-O 6. e3 b6 7. Qc2 Nbd7 8. b3
Bb7 9. Be2 Bb4 10. Bxf6 Nxf6 11. O-O Qe7 12. Ne5 c5 13. dxc5 Bxc5 14. Bf3 Bd6
15. Nd3 dxc4 16. Bxb7 cxd3 17. Qxd3 Rad8 18. Qa6 Qc7 19. Rac1 Bxh2+ 20. Kh1 Qe5
21. Bf3 Qb8 22. Nb5 Rd7 23. Rc4 Nd5 24. Qa4 Be5 25. Nd4 Qb7 26. Rfc1 Bxd4 27.
Rxd4 h6 28. Qb5 Rfd8 29. Qd3 e5 30. Rdc4 Nf6 31. Qf5 Qb8 32. Rc6 e4 33. Bg4
Nxg4 34. Qxg4 Qe5 35. Rc8 Kh7 36. Rxd8 Rxd8 37. Rc4 f5 38. Qe2 Rd3 39. Rc1 Qd6
40. a4 Qa3 41. Rc6 Qxb3 42. Kh2 Qxa4 43. Rc2 Qd7 44. Rb2 b5 45. Qe1 Qd6+ 46. g3
a6 47. Qa5 Qg6 48. Qe1 Qh5+ 49. Kg2 Rd1 0-1

[Event "Bayern-chTT (LL Nord)"]
[Site "Bayern 2008/09"]
[Date "2009.03.15"]
[Round "8.1"]
[White "Tran, Phat"]
[Black "Loos, Roland"]
[Result "1-0"]
[WhiteElo "2234"]
[BlackElo "2276"]
[PlyCount "77"]
[EventDate "2009.03.??"]
[EventType "team-tourn"]
[EventRounds "9"]
[WhiteTeam "Nürnberg-NT 2"]
[BlackTeam "Neutraubling 1"]

1. d4 e6 2. c4 Nf6 3. Nf3 d5 4. Nc3 c6 5. e3 Nbd7 6. b3 Bd6 7. Be2 O-O 8. O-O
Ne4 9. Bb2 f5 10. g3 b6 11. Rc1 Bb7 12. Ne1 Qe7 13. cxd5 exd5 14. Bd3 Rae8 15.
Rc2 Qf6 16. Re2 Qh6 17. f4 Kh8 18. Nf3 Qh3 19. Qc1 h6 20. Nd1 Qh5 21. Ba3 c5
22. Bb5 Rd8 23. Rc2 a6 24. Be2 Qe8 25. Re1 Rc8 26. Nb2 Qe7 27. Ne5 Kh7 28. Bh5
Nxe5 29. fxe5 Bb8 30. Nd3 g6 31. Bf3 Ba7 32. b4 c4 33. b5 Qd7 34. Bxf8 Rxf8 35.
a4 axb5 36. axb5 Qxb5 37. Qa3 Re8 38. Qxa7 cxd3 39. Qxb7+ 1-0

[Event "Bayern-chTT (LL Nord)"]
[Site "Bayern 2008/09"]
[Date "2009.03.15"]
[Round "8.2"]
[White "Hitzler, Philipp"]
[Black "Sommer, Matthias(70)"]
[Result "1-0"]
[WhiteElo "2204"]
[BlackElo "2141"]
[PlyCount "123"]
[EventDate "2009.03.??"]
[EventType "team-tourn"]
[EventRounds "9"]
[WhiteTeam "Neutraubling 1"]
[BlackTeam "Nürnberg-NT 2"]

1. d4 Nf6 2. Bg5 g6 3. Bxf6 exf6 4. g3 f5 5. Bg2 Bg7 6. e3 O-O 7. Ne2 d6 8. c4
Nd7 9. Nbc3 Nf6 10. O-O Re8 11. Qd3 c6 12. b4 Bd7 13. a4 a5 14. b5 h5 15. Rab1
Rb8 16. Rb3 c5 17. Nf4 b6 18. Rd1 cxd4 19. exd4 Rc8 20. Nfd5 Be6 21. Rb2 Bxd5
22. Bxd5 Rc7 23. Bc6 Rf8 24. Re1 Re7 25. Rxe7 Qxe7 26. Re2 Qd8 27. Kg2 h4 28.
Re1 Ng4 29. Nd5 Nf6 30. Ne7+ Kh8 31. Bf3 Nh7 32. Qd2 Bf6 33. Nc6 Qd7 34. Bd5
Kg7 35. Qe3 Rh8 36. f4 Rf8 37. Bf3 Rh8 38. Re2 Rf8 39. c5 Qc7 40. cxb6 Qxb6 41.
Qc3 Ra8 42. Qa3 Qc7 43. Rb2 h3+ 44. Kxh3 g5 45. Kg2 d5 46. Qc5 gxf4 47. b6 Qb7
48. Nxa5 Qa6 49. b7 Rb8 50. Qb5 Qd6 51. Nc6 fxg3 52. Qxd5 Qf4 53. hxg3 Qc1 54.
Qb3 Ng5 55. Nxb8 Bxd4 56. Rb1 Qd2+ 57. Kh1 Nh3 58. Qb4 Nf2+ 59. Kg2 Bc3 60. Rb2
Qc1 61. Qxc3+ Qxc3 62. Rxf2 1-0

[Event "Bayern-chTT (LL Nord)"]
[Site "Bayern 2008/09"]
[Date "2009.03.15"]
[Round "8.3"]
[White "Demburg, Dimitrij"]
[Black "Werner, Claus"]
[Result "1-0"]
[WhiteElo "2071"]
[BlackElo "2197"]
[PlyCount "69"]
[EventDate "2009.03.??"]
[EventType "team-tourn"]
[EventRounds "9"]
[WhiteTeam "Nürnberg-NT 2"]
[BlackTeam "Neutraubling 1"]

1. e4 e6 2. d4 d5 3. Nd2 Nf6 4. e5 Nfd7 5. Bd3 c5 6. c3 b5 7. a3 Qb6 8. Ne2 Nc6
9. Nf3 a5 10. O-O h6 11. Be3 Ba6 12. h4 a4 13. Re1 Na5 14. Rb1 Be7 15. Ng3 Qc7
16. Nh5 Bf8 17. Nd2 cxd4 18. cxd4 Nb6 19. Qg4 O-O-O 20. b3 axb3 21. a4 Nxa4 22.
Rec1 Nc4 23. Rxb3 Nab6 24. Bf4 Kb8 25. Nb1 Qa7 26. Qe2 Rc8 27. Nc3 b4 28. Na2
g5 29. Bg3 Na5 30. Rxc8+ Bxc8 31. Nxb4 Bb7 32. Rb1 Bxb4 33. Rxb4 Rc8 34. Nf6
Nc6 35. Rxb6 1-0